ARRUPE JESUIT UNIVERSITY

CORONAVIRUS -STOP THE SPREAD - CLEAN,DISINFECT,COVER

The High price of principles (Record no. 119702)

MARC details
000 -LEADER
fixed length control field 00493nam a22001577a 4500
008 - FIXED-LENGTH DATA ELEMENTS--GENERAL INFORMATION
fixed length control field 140124b xxu||||| |||| 00| 0 eng d
020 ## - INTERNATIONAL STANDARD BOOK NUMBER
International Standard Book Number 340109955
050 ## - LIBRARY OF CONGRESS CALL NUMBER
Classification number SPC DT963.8.H3 1969
100 ## - MAIN ENTRY--PERSONAL NAME
Personal name Hall, Richard Seymour
9 (RLIN) 7094
245 ## - TITLE STATEMENT
Title The High price of principles
Remainder of title Kaunda and the White South
260 ## - PUBLICATION, DISTRIBUTION, ETC. (IMPRINT)
Place of publication, distribution, etc London
Name of publisher, distributor, etc Hodder & Stoughton
Date of publication, distribution, etc 1969
300 ## - PHYSICAL DESCRIPTION
Extent 256p.
Dimensions 22cm
650 ## - SUBJECT ADDED ENTRY--TOPICAL TERM
Topical term or geographic name as entry element Nationalism - Africa, Sub-Saharan
9 (RLIN) 7095
650 ## - SUBJECT ADDED ENTRY--TOPICAL TERM
Topical term or geographic name as entry element Zambia - Politics
9 (RLIN) 7096
942 ## - ADDED ENTRY ELEMENTS (KOHA)
Source of classification or shelving scheme Library of Congress Classification
Item type Monograph ( Printed materials)
Holdings
Withdrawn status Lost status Source of classification or shelving scheme Damaged status Not for loan Home library Current library Date acquired Total Checkouts Full call number Barcode Date last seen Price effective from Koha item type
    Library of Congress Classification     ARRUPE LIBRARY ARRUPE LIBRARY 24/01/2014   SPC DT963.8.H3 1969 464122308 24/01/2014 24/01/2014 Monograph ( Printed materials)

 

Arrupe Library. PO Box MP320 Mt Pleasant, Harare, Zimbabwe
263 242 745411|librarian@aju.ac.zw